Giáo trình phương pháp giáo dục thể chất cho trẻ mầm non Dành cho hệ cao đẳng sư phạm mầm non

Gardado en:
Detalles Bibliográficos
Autor Principal: Đặng, Hồng Phương
Formato: Libro
Publicado: H. Giáo dục 2008
Các nhãn: Engadir etiqueta
Sen Etiquetas, Sexa o primeiro en etiquetar este rexistro!
Thư viện lưu trữ: Trung tâm Học liệu Lê Vũ Hùng, Trường Đại học Đồng Tháp
LEADER 00626pam a22001698a 4500
001 00037847
005 20171026081025.0
008 170514s2008 ||||||Viesd
041 0 # |a Vie 
082 1 4 |a 372.21  |b GI108TH 
100 1 # |a Đặng, Hồng Phương 
245 1 0 |a Giáo trình phương pháp giáo dục thể chất cho trẻ mầm non  |b Dành cho hệ cao đẳng sư phạm mầm non 
260 # # |a H.  |b Giáo dục  |c 2008 
300 # # |a 226 tr.  |c 24 cm 
852 # # |b Kho đọc  |j KD.1000625 
910 |d 14/05/2017 
980 # # |a Trung tâm Học liệu Lê Vũ Hùng, Trường Đại học Đồng Tháp